000 00598nam a22001937a 4500
003 OSt
005 20150408114216.0
008 140510s2005 ua f 000 0 eng d
020 _a9789779009025
040 _aMa-Un
082 0 0 _222
_a345.6202
_bBAP
100 1 _aBelal, Ahmed Awad
_944603
245 1 0 _aPrinciples of egyptian criminal law :
_bThe General Part.
_nbook 1,
_pThe Criminal offence /
_cAhmed Awad Belal.
250 _a5th. ed.
260 _acairo :
_bDar Al-Nahda Al-Arabiya,
_c2014
_m[1435].
300 _a662 p. ;
_c24 cm.
650 _aCriminal law
_zEgypt
_944604
942 _2ddc
_cBOOK
999 _c34862
_d269362